| 000 | 00545 a2200169 4500 | ||
|---|---|---|---|
| 003 | NUST | ||
| 005 | 20251103141846.0 | ||
| 040 | _cNust | ||
| 082 | _a621.382,KAS | ||
| 100 |
_aKashif, Capt Muhammad, (TE-43-B) _9131442 |
||
| 245 |
_aLocation finder perimeter intrusion detection system / _cCapt Muhammad Kashif , Capt Usman Tariq , Capt Muahammad Waqas Cheema and Capt Zeeshan Mehmod |
||
| 260 |
_aRawalpindi _bMCS _cJune, 2010 |
||
| 300 | _axiii, 80 p.; | ||
| 650 |
_aUG Projects _998716 |
||
| 651 |
_aTE-43-B _9131443 |
||
| 942 |
_cPR _2ddc |
||
| 999 |
_c188611 _d188611 |
||